000 00475nam a2200181Ia 4500
003 GCL
008 140319s9999 xx 000 0 eng d
040 _aGCL /
_cGCL
082 0 4 _a418.007
_bP T
100 1 _aPARROTT, MARTIN
245 1 0 _aTASKS FOR LANGUAGE TEACHERS /
_cPARROTT, MARTIN
260 _a[S.N] :
_bCAMLRIDGE UNIVERSITY PRESS ،
_c1993
650 0 4 _aTEACHING
650 0 4 _aEDUCATION
650 0 4 _aLANGUAGE TEACHERS
650 0 4 _aLANGUAGES
942 _2ddc
_cBK
999 _c17460
_d17460